Estadísticas para Máximos goleadores en la historia del Schalke 04

Haz click aquí para intentar la prueba.

Estadísticas generales

  • Esta prueba ha sido intentada 4 veces
  • La puntuación promedio es 2 de 10

Estadísticas de respuestas

GolesNacionalidadJugador% Correcto
124Países BajosKlaas-Jan Huntelaar
100%
103DinamarcaEbbe Sand
25%
87AlemaniaKevin Kuranyi
25%
226AlemaniaKlaus Fischer
25%
141AlemaniaBernhard Klodt
0%
88AlemaniaIngo Anderbrügge
0%
71AlemaniaManfred Kreuz
0%
75AlemaniaOlaf Thon
0%
78AlemaniaWaldemar Gerhardt
0%
83AlemaniaWilli Koslowski
0%

Distribución de puntuación

Porcentaje por número respondido

Porcentaje de gente con cada puntuación

Historial de tus puntuaciones

No has intentado esta prueba.